书目信息 |
| 题名: |
中外旅游纠纷百案评析
|
|
| 作者: | 刘劲柳 著 | |
| 分册: | ||
| 出版信息: | 北京 中国旅游出版社 2008.07 |
|
| 页数: | 415页 | |
| 开本: | 23cm | |
| 丛书名: | ||
| 单 册: | ||
| 中图分类: | D915.205 | |
| 科图分类: | ||
| 主题词: | 旅游业--经济纠纷--案例--分析--世界 , 旅游业 , 经济纠纷 , 案例 | |
| 电子资源: | ||
| ISBN: | 978-7-5032-3510-8 | |
| 000 | 00912nam0 2200277 450 | |
| 001 | 010030015829 | |
| 005 | 20091208150341.93 | |
| 010 | @a978-7-5032-3510-8@dCNY42.00 | |
| 100 | @a20080820d2008 em y0chiy0110 ea | |
| 101 | 0 | @achi |
| 102 | @aCN@b110000 | |
| 105 | @ay z 000yy | |
| 106 | @ar | |
| 200 | 1 | @a中外旅游纠纷百案评析@9zhong wai lu^ you jiu fen bai an ping xi@f刘劲柳著 |
| 210 | @a北京@c中国旅游出版社@d2008.07 | |
| 215 | @a415页@d23cm | |
| 300 | @a本书受司法部法治建设与法学理论研究部级课题项目支持 | |
| 330 | @a本书内容包括:旅游合同的签订与效力、旅游合同的内容、旅游合同的变更、旅游合同的解除、包价旅游经营者在合同中的权利义务等。 | |
| 606 | 0 | @a旅游业@x经济纠纷@x案例@x分析@y世界 |
| 606 | 0 | @a旅游业 |
| 606 | 0 | @a经济纠纷 |
| 606 | 0 | @a案例 |
| 690 | @aD915.205@v4 | |
| 701 | 0 | @a刘劲柳@9liu jin liu@4著 |
| 801 | 0 | @aCN@bRENTIAN@c20091208 |
| 905 | @b20796010-14@dD915.205@e422@f5 | |
| 中外旅游纠纷百案评析/刘劲柳著.-北京:中国旅游出版社,2008.07 |
| 415页;23cm |
| 本书受司法部法治建设与法学理论研究部级课题项目支持 |
| ISBN 978-7-5032-3510-8:CNY42.00 |
| 本书内容包括:旅游合同的签订与效力、旅游合同的内容、旅游合同的变更、旅游合同的解除、包价旅游经营者在合同中的权利义务等。 |
| ● |
| 相关链接 |
|
|
|
|
正题名:中外旅游纠纷百案评析
索取号:D915.205/422
 
预约/预借
| 序号 | 登录号 | 条形码 | 馆藏地/架位号 | 状态 | 备注 |
| 1 | 796010 | 207960107 | 第一样本阅览室/ [索取号:D915.205/422] | 在馆 | |
| 2 | 796011 | 207960116 | 第一借阅区/ [索取号:D915.205/422] | 在馆 | |
| 3 | 796012 | 207960125 | 第一借阅区/ [索取号:D915.205/422] | 在馆 | |
| 4 | 796013 | 207960134 | 第一借阅区/ [索取号:D915.205/422] | 在馆 | |
| 5 | 796014 | 207960143 | 密集书库-资源管理系/ [索取号:D915.205/422] | 在馆 |